<?xml version="1.0" encoding="UTF-8"?>
<record
    xmlns:xsi="http://www.w3.org/2001/XMLSchema-instance"
    xsi:schemaLocation="http://www.loc.gov/MARC21/slim http://www.loc.gov/standards/marcxml/schema/MARC21slim.xsd"
    xmlns="http://www.loc.gov/MARC21/slim">

  <leader>02686cam a2200277 i 4500</leader>
  <datafield tag="020" ind1=" " ind2=" ">
    <subfield code="a">9788184652758</subfield>
  </datafield>
  <datafield tag="020" ind1=" " ind2=" ">
    <subfield code="a">8184652755</subfield>
  </datafield>
  <datafield tag="041" ind1=" " ind2=" ">
    <subfield code="a">ENG</subfield>
  </datafield>
  <datafield tag="082" ind1="0" ind2="4">
    <subfield code="a">248.4</subfield>
    <subfield code="b">LOT</subfield>
  </datafield>
  <datafield tag="100" ind1=" " ind2=" ">
    <subfield code="a">Isray&#x113;l Celvan&#x101;yakam</subfield>
  </datafield>
  <datafield tag="245" ind1="0" ind2="0">
    <subfield code="a">Discipleship and dialogue : new frontiers in interfaith engagement : essays in honour of Dr. Israel Selvanayagam</subfield>
  </datafield>
  <datafield tag="260" ind1=" " ind2=" ">
    <subfield code="a">Delhi</subfield>
    <subfield code="b">ISPCK</subfield>
    <subfield code="c">2013</subfield>
  </datafield>
  <datafield tag="300" ind1=" " ind2=" ">
    <subfield code="a">x, 309 pages ;</subfield>
  </datafield>
  <datafield tag="500" ind1=" " ind2=" ">
    <subfield code="a">"Israel Selvanayagam's publications in English": pages 285-297.</subfield>
  </datafield>
  <datafield tag="500" ind1=" " ind2=" ">
    <subfield code="a">"Israel's publications in Tamil (selected) ": pages 298-299.</subfield>
  </datafield>
  <datafield tag="505" ind1="0" ind2=" ">
    <subfield code="a">Interfaith dialogue : compulsions and tensions / S. Wesley Ariarajah -- Understanding the religious "other" in a violent world / Elizabeth Harris -- Commitment and openness : the vision of the faith guiding course / Ruth Tetlow -- Some exegetical and hermeneutical options in reading the Gospel according to John to promote an inclusive understanding of God / Dhyanchand Carr -- Would Paul have approved of "Christians"? / Neil Richardson -- Who needs "conversion"? / Christy Femila Johnson -- "I will make you fishers of human beings" : a sermon by Krishna Mohan Banerjea / Julius Lipner -- Thinking theologically in Tamil : an exercise in comparative theology? / M. Thomas Thangaraj -- Israel Selvanayagam and the evangelical Arminian tradition / Kenneth Cracknell -- The re-forming Spirit : the mission of the Spirit and Reformed theology / Kirsteen Kim -- The theological underpinnings of interfaith relations promoted by Peace Trust Kanyakumari / Gnana Robinson -- Devoted to the Lord : the parama-prema bhakti of Narada Bhakti-s&#x16B;tra / David C. Scott -- Hindu theology and faithful discipleship / Eric J. Lott -- Should theology be at the heart of the study of religion? / P. Pratap Kumar -- Hindu-Christian forums in Britain, national and in Leicester : difficulties and possibilities / Andrew Wingate -- Pastoral issues in an interfaith situation / Suresh Kumar -- Indian conservative evangelicals and their modern market expressions / Solomon Victus -- Inter-faith dialogue as mission in the Israeli-Palestinian context : possibilities and problems / Kanagu Nelson -- Mahatma Gandhi's gospel of truth enabling interreligious dialogue / A. Pushparajan -- Epilogue : weakness and strength : living with the Gospel paradox / Donald Eadie.</subfield>
  </datafield>
  <datafield tag="520" ind1=" " ind2=" ">
    <subfield code="a">Contributed articles in honor of Isray&#x113;l Celvan&#x101;yakam, Presbyter, Church of South India.</subfield>
  </datafield>
  <datafield tag="650" ind1=" " ind2="0">
    <subfield code="a">Christianity and other religions.</subfield>
  </datafield>
  <datafield tag="650" ind1=" " ind2="0">
    <subfield code="a">Dialogue</subfield>
  </datafield>
  <datafield tag="650" ind1=" " ind2="0">
    <subfield code="a">Christian life.</subfield>
  </datafield>
  <datafield tag="700" ind1="1" ind2=" ">
    <subfield code="a">Celvan&#x101;yakam, Isray&#x113;l,</subfield>
  </datafield>
  <datafield tag="700" ind1="1" ind2=" ">
    <subfield code="a">Lott, Eric J.,</subfield>
  </datafield>
  <datafield tag="700" ind1="1" ind2=" ">
    <subfield code="a">Thangaraj, M. Thomas</subfield>
  </datafield>
  <datafield tag="700" ind1="1" ind2=" ">
    <subfield code="a">Wingate, Andrew,</subfield>
  </datafield>
  <datafield tag="942" ind1=" " ind2=" ">
    <subfield code="c">BK</subfield>
  </datafield>
  <datafield tag="952" ind1=" " ind2=" ">
    <subfield code="0">0</subfield>
    <subfield code="1">0</subfield>
    <subfield code="4">0</subfield>
    <subfield code="7">0</subfield>
    <subfield code="a">HMI</subfield>
    <subfield code="b">HMI</subfield>
    <subfield code="c">GEN</subfield>
    <subfield code="d">2020-06-12</subfield>
    <subfield code="e">ISPCK</subfield>
    <subfield code="g">350.00</subfield>
    <subfield code="l">0</subfield>
    <subfield code="o">248.4 LOT</subfield>
    <subfield code="p">11-4465</subfield>
    <subfield code="r">2022-07-28</subfield>
    <subfield code="w">2026-01-16</subfield>
    <subfield code="y">BK</subfield>
  </datafield>
  <datafield tag="999" ind1=" " ind2=" ">
    <subfield code="c">22984</subfield>
    <subfield code="d">22984</subfield>
  </datafield>
</record>
